| 000 | 00887nam a2200289Ia 4500 | ||
|---|---|---|---|
| 008 | 160803s9999 xx 000 0 und d | ||
| 020 | _a059045594X | ||
| 100 | _aRoop, Peter | ||
| 245 | _aKeep the lights burning, Abbie / | ||
| 245 | _cby Peter and Connie Roop ; pictures by Peter E. Hanson. | ||
| 260 | _aNew York : | ||
| 260 | _bScholastic Inc. | ||
| 260 | _c1985 | ||
| 300 | _a40 pages : | ||
| 300 | _billustrations (some color) ; | ||
| 300 | _c22 cm. | ||
| 440 | _aReading rainbow. | ||
| 650 | _aBurgess, Abbie, -- 1839-1892 -- | ||
| 650 | _aBurgess, Abbie, -- 1839-1892. | ||
| 650 | _aLighthouse keepers -- Maine -- Biography -- | ||
| 650 | _aLighthouse keepers. | ||
| 650 | _aMatinicus Rock Lighthouse (Matinicus Rock, Me.) -- | ||
| 650 | _xJuvenile literature. | ||
| 650 | _xJuvenile literature. | ||
| 650 | _xJuvenile literature. | ||
| 700 | _a260 | ||
| 999 |
_c298730 _d298730 |
||